| 000 | 00628nmm a2200205Ia 4500 | ||
|---|---|---|---|
| 008 | 251105s9999||||xx |||||||||||||||||und|| | ||
| 020 | _a9786071664389 | ||
| 041 | _aspa | ||
| 100 | _aMontemayor, Carlos | ||
| 245 | 0 | _aLas mujeres del alba | |
| 264 |
_a[México D.C., Mexico] : _bFondo de Cultura Económica, _c[Fecha de publicación no identificada] |
||
| 300 | _a189 páginas | ||
| 490 | _aPopular | ||
| 650 | _aHistorical fiction | ||
| 700 | _aMontemayor, Carlos | ||
| 700 | 1 | _a Taibo II, Paco Ignacio | |
| 700 | 1 | _a Vargas Valdés, Jesús | |
| 856 | _uhttps://public.digitaliapublishing.com/a/98987 | ||
| 942 | _cCF | ||
| 999 |
_c68975 _d68975 |
||